Csongrád plébánosai a 18-19. században

Elmentve itt :
Bibliográfiai részletek
Szerző: Gyöngyössy Orsolya
Dokumentumtípus: Könyv része
Megjelent: 2014
Sorozat:A vallási kultúrakutatás könyvei
Plébánia és társadalom : a római katolikus alsópapság és a laikus templomszolgák társadalmi szerepe Csongrádon a 19. század második felében
Kulcsszavak:Katolikus egyház története - Csongrád város - 18-19. sz., Társadalomtörténet - Magyarország - 18-19. sz. - regionális, Csongrád - egyháztörténet, Hegyi Antal
Tárgyszavak:
Online Access:http://acta.bibl.u-szeged.hu/67319
LEADER 01141naa a2200241 i 4500
001 acta67319
005 20211124085806.0
008 200529s2014 hu o 0|| hun d
020 |a 978-963-306-332-3 
022 |a 2064-4825 
040 |a SZTE Egyetemi Kiadványok Repozitórium  |b hun 
041 |a hun 
100 1 |a Gyöngyössy Orsolya 
245 1 0 |a Csongrád plébánosai a 18-19. században  |h [elektronikus dokumentum] /  |c  Gyöngyössy Orsolya 
260 |c 2014 
300 |a 45-65 
490 0 |a A vallási kultúrakutatás könyvei 
490 0 |a Plébánia és társadalom : a római katolikus alsópapság és a laikus templomszolgák társadalmi szerepe Csongrádon a 19. század második felében 
650 4 |a Bölcsészettudományok 
650 4 |a Történettudomány és régészet 
650 4 |a Filozófia, etika és vallástudományok 
695 |a Katolikus egyház története - Csongrád város - 18-19. sz., Társadalomtörténet - Magyarország - 18-19. sz. - regionális, Csongrád - egyháztörténet, Hegyi Antal 
856 4 0 |u http://acta.bibl.u-szeged.hu/67319/1/vallasi_kulturakutatas_konyvei_016_45-65.pdf  |z Dokumentum-elérés